La televisión en Guadalajara : génesis y desarrollo /
محفوظ في:
| المؤلف الرئيسي: | |
|---|---|
| مؤلفون آخرون: | |
| التنسيق: | كتاب |
| اللغة: | الإسبانية |
| منشور في: |
Guadalajara, México :
Universidad de Guadalajara,
1987, c1987
|
| سلاسل: | (Cuadernos de CEIC : Comunicación y Sociedad)
|
| الموضوعات: | |
| الوسوم: |
لا توجد وسوم, كن أول من يضع وسما على هذه التسجيلة!
|
MARC
| LEADER | 00000nam^a2200000^a^4500 | ||
|---|---|---|---|
| 001 | 000022148 | ||
| 005 | 20250521000000.0 | ||
| 009 | 20260310084445.828 | ||
| 020 | |a 968-895-049-1 | ||
| 037 | |a Acervo ITESO - Biblioteca | ||
| 041 | |a ESP | ||
| 082 | |a 302. 2340972352 |b ACE | ||
| 100 | |a Aceves González, Francisco de Jesús |e (autor) | ||
| 245 | 1 | 3 | |a La televisión en Guadalajara : |b génesis y desarrollo / |c F.J. Aceves González ; pról. de P. Arredondo Ramírez. |
| 264 | 4 | |a Guadalajara, México : |b Universidad de Guadalajara, |c 1987, c1987 | |
| 300 | |a 75 p. | ||
| 336 | |a texto |b txt |2 rdacontenido | ||
| 337 | |a sin mediación |b n |2 rdamedio | ||
| 338 | |a volumen |b nc |2 rdasoporte | ||
| 440 | 1 | |a (Cuadernos de CEIC : Comunicación y Sociedad) | |
| 649 | |a XX | ||
| 650 | |a Televisión - |z Guadalajara, Jalisco - |x Historia - |x Tema Principal | ||
| 650 | |a Televisión - |z México - |x Historia | ||
| 650 | |a Televisión - |z Guadalajara, Jalisco - |x Industria y Comercio - |x Tema Principal | ||
| 650 | |a Televisión - |z México - |x Industria y Comercio | ||
| 650 | |a Medios Audiovisuales - |z Guadalajara, Jalisco | ||
| 650 | |a Medios Audiovisuales - |z México | ||
| 650 | |a Medios de Comunicación - |z Guadalajara, Jalisco | ||
| 650 | |a Medios de Comunicación - |z México | ||
| 650 | |a Comunicación Masiva - |z Guadalajara, Jalisco | ||
| 650 | |a Comunicación Masiva - |z México | ||
| 700 | |a Arredondo Ramírez, Pablo |e (prólogo) | ||
| 910 | |a Fondo General | ||
| 920 | |a Impresos - Libros | ||
| 930 | |a Colección General | ||
| 905 | |a 101 | ||
| 901 | |a 0221480100 |b IT1 |c ACC |i 022148 |u 20250521 | ||
| 902 | |a https://opac.biblio.iteso.mx/vufind/Record/000022148 | ||